[Event "Grand Swiss "]
[Date "2025.09.11"]
[White "Daneshvar, Bardiya"]
[Black "Muradli, Mahammad"]
[WhiteElo "2598"]
[BlackElo "2590"]
[Round "7.7.56"]
[Result "1-0"]

1. c4 {[%clk 01:40:57] [%emt 00:00:02]} c5 {[%clk 01:40:11] [%emt 00:00:49]} 2.
Nf3 {[%clk 01:41:22] [%emt 00:00:05]} Nf6 {[%clk 01:40:26] [%emt 00:00:14]} 3.
Nc3 {[%clk 01:41:48] [%emt 00:00:05]} Nc6 {[%clk 01:40:45] [%emt 00:00:11]} 4.
g3 {[%clk 01:42:15] [%emt 00:00:03]} g6 {[%clk 01:41:06] [%emt 00:00:10]} 5. d4
{[%clk 01:42:37] [%emt 00:00:08]} cxd4 {[%clk 01:40:31] [%emt 00:01:05]} 6. Nxd4
{[%clk 01:43:03] [%emt 00:00:04]} d6 {[%clk 01:40:48] [%emt 00:00:13]} 7. Bg2
{[%clk 01:42:47] [%emt 00:00:46]} Bd7 {[%clk 01:41:15] [%emt 00:00:03]} 8. Nc2
{[%clk 01:38:35] [%emt 00:04:41]} Bg7 {[%clk 01:40:56] [%emt 00:00:48]} 9. b3
{[%clk 01:35:17] [%emt 00:03:49]} Qc8 {[%clk 01:35:06] [%emt 00:06:20]} 10. h3
{[%clk 01:26:08] [%emt 00:09:39]} O-O {[%clk 01:24:31] [%emt 00:11:05]} 11. Bb2
{[%clk 01:24:47] [%emt 00:01:51]} a6 {[%clk 01:24:23] [%emt 00:00:39]} 12. Qd2
{[%clk 01:12:49] [%emt 00:12:28]} Ne8 {[%clk 01:00:31] [%emt 00:24:22]} 13. Ne3
{[%clk 01:05:56] [%emt 00:07:22]} Rb8 {[%clk 00:58:45] [%emt 00:02:17]} 14. Rd1
{[%clk 00:51:22] [%emt 00:15:04]} Nf6 {[%clk 00:38:21] [%emt 00:20:53]} 15. Ncd5
{[%clk 00:45:13] [%emt 00:06:39]} Ne8 {[%clk 00:35:37] [%emt 00:03:14]} 16. Bxg7
{[%clk 00:40:35] [%emt 00:05:09]} Kxg7 {[%clk 00:33:00] [%emt 00:03:07]} 17. c5
{[%clk 00:39:20] [%emt 00:01:44]} Be6 {[%clk 00:30:48] [%emt 00:02:41]} 18. cxd6
{[%clk 00:38:20] [%emt 00:01:30]} Nxd6 {[%clk 00:31:12] [%emt 00:00:06]} 19.
Nxe7 {[%clk 00:37:32] [%emt 00:01:18]} Nxe7 {[%clk 00:31:40] [%emt 00:00:02]}
20. Qb2+ {[%clk 00:37:23] [%emt 00:00:39]} Kg8 {[%clk 00:31:38] [%emt 00:00:32]}
21. Rxd6 {[%clk 00:37:49] [%emt 00:00:04]} Qc7 {[%clk 00:29:21] [%emt 00:02:47]}
22. Rd4 {[%clk 00:33:07] [%emt 00:05:12]} Rfd8 {[%clk 00:26:04] [%emt 00:03:47]}
23. Rxd8+ {[%clk 00:32:26] [%emt 00:01:11]} Rxd8 {[%clk 00:26:29] [%emt
00:00:05]} 24. O-O {[%clk 00:32:45] [%emt 00:00:11]} Rd6 {[%clk 00:18:46] [%emt
00:08:13]} 25. h4 {[%clk 00:31:06] [%emt 00:02:09]} b5 {[%clk 00:17:58] [%emt
00:01:18]} 26. Rc1 {[%clk 00:25:46] [%emt 00:05:50]} Qd8 {[%clk 00:17:41] [%emt
00:00:47]} 27. Bf3 {[%clk 00:23:58] [%emt 00:02:18]} Rd2 {[%clk 00:13:41] [%emt
00:04:30]} 28. Rc2 {[%clk 00:23:49] [%emt 00:00:39]} Rxc2 {[%clk 00:14:10] [%emt
00:00:02]} 29. Qxc2 {[%clk 00:24:17] [%emt 00:00:02]} Qd6 {[%clk 00:14:29] [%emt
00:00:10]} 30. Qb2 {[%clk 00:22:38] [%emt 00:02:10]} b4 {[%clk 00:13:29] [%emt
00:01:29]} 31. Qf6 {[%clk 00:19:55] [%emt 00:03:13]} Nc6 {[%clk 00:09:45] [%emt
00:04:14]} 32. Bd5 {[%clk 00:11:35] [%emt 00:08:50]} Qd7 {[%clk 00:06:39] [%emt
00:03:37]} 33. Bxe6 {[%clk 00:09:32] [%emt 00:02:33]} Qxe6 {[%clk 00:07:08]
[%emt 00:00:01]} 34. Qxe6 {[%clk 00:08:37] [%emt 00:01:25]} fxe6 {[%clk
00:07:37] [%emt 00:00:01]} 35. f3 {[%clk 00:08:22] [%emt 00:00:45]} Nd4 {[%clk
00:06:50] [%emt 00:01:17]} 36. Kf2 {[%clk 00:08:47] [%emt 00:00:05]} Kf8 {[%clk
00:05:02] [%emt 00:02:18]} 37. Ke1 {[%clk 00:08:10] [%emt 00:01:07]} Ke7 {[%clk
00:05:21] [%emt 00:00:11]} 38. Kd2 {[%clk 00:08:05] [%emt 00:00:35]} Kd6 {[%clk
00:05:15] [%emt 00:00:35]} 39. Kd3 {[%clk 00:06:39] [%emt 00:01:56]} Kc5 {[%clk
00:05:04] [%emt 00:00:40]} 40. g4 {[%clk 00:06:46] [%emt 00:00:24]} Nb5 {[%clk
00:01:24] [%emt 00:04:10]} 41. Nc4 {[%clk 00:03:24] [%emt 00:03:52]} Kd5 {[%clk
00:42:55] [%emt 00:08:59]} 42. f4 {[%clk 00:46:01] [%emt 00:07:52]} Kc5 {[%clk
00:39:41] [%emt 00:03:44]} 43. Ne5 {[%clk 00:42:40] [%emt 00:03:51]} Nc3 {[%clk
00:37:50] [%emt 00:02:21]} 44. a4 {[%clk 00:43:04] [%emt 00:00:06]} 1-0

[Site "Europe Echecs"]

[Event "Grand Swiss "]
[Date "2025.09.11"]
[White "Divya Deshmukh"]
[Black "Ivic, Velimir"]
[WhiteElo "2478"]
[BlackElo "2630"]
[Round "7.7.57"]
[Result "1-0"]

1. e4 {[%clk 01:40:55] [%emt 00:00:04]} c5 {[%clk 01:40:44] [%emt 00:00:16]} 2.
Nf3 {[%clk 01:41:21] [%emt 00:00:04]} e6 {[%clk 01:41:03] [%emt 00:00:11]} 3. b3
{[%clk 01:41:37] [%emt 00:00:14]} Nc6 {[%clk 01:40:11] [%emt 00:01:21]} 4. Bb2
{[%clk 01:41:42] [%emt 00:00:25]} Qc7 {[%clk 01:40:14] [%emt 00:00:26]} 5. c4
{[%clk 01:31:10] [%emt 00:11:03]} Nf6 {[%clk 01:37:04] [%emt 00:03:39]} 6. Nc3
{[%clk 01:30:21] [%emt 00:01:20]} a6 {[%clk 01:35:25] [%emt 00:02:09]} 7. g3
{[%clk 01:28:31] [%emt 00:02:20]} Rb8 {[%clk 01:19:39] [%emt 00:16:15]} 8. Bg2
{[%clk 01:18:46] [%emt 00:10:15]} b5 {[%clk 01:19:00] [%emt 00:01:09]} 9. cxb5
{[%clk 01:16:40] [%emt 00:02:37]} axb5 {[%clk 01:19:04] [%emt 00:00:26]} 10. O-O
{[%clk 01:16:11] [%emt 00:00:59]} b4 {[%clk 01:16:19] [%emt 00:03:15]} 11. Na4
{[%clk 01:12:01] [%emt 00:04:40]} e5 {[%clk 00:56:28] [%emt 00:20:20]} 12. Rc1
{[%clk 01:03:33] [%emt 00:08:58]} d6 {[%clk 00:55:47] [%emt 00:01:11]} 13. d4
{[%clk 01:03:13] [%emt 00:00:50]} Nd7 {[%clk 00:52:17] [%emt 00:04:00]} 14. dxc5
{[%clk 00:51:40] [%emt 00:12:04]} dxc5 {[%clk 00:51:46] [%emt 00:01:00]} 15. Bh3
{[%clk 00:34:40] [%emt 00:17:30]} Nb6 {[%clk 00:43:41] [%emt 00:08:35]} 16. Nxc5
{[%clk 00:29:00] [%emt 00:06:10]} Bxh3 {[%clk 00:40:53] [%emt 00:03:18]} 17. Na6
{[%clk 00:28:53] [%emt 00:00:37]} Qb7 {[%clk 00:36:18] [%emt 00:05:04]} 18. Nxb8
{[%clk 00:26:35] [%emt 00:02:49]} Nxb8 {[%clk 00:36:30] [%emt 00:00:18]} 19. Re1
{[%clk 00:25:34] [%emt 00:01:31]} Be7 {[%clk 00:24:14] [%emt 00:12:46]} 20. Bxe5
{[%clk 00:24:14] [%emt 00:01:51]} Nc6 {[%clk 00:24:09] [%emt 00:00:35]} 21. Bxg7
{[%clk 00:23:00] [%emt 00:01:43]} Rg8 {[%clk 00:24:33] [%emt 00:00:06]} 22. Ne5
{[%clk 00:22:25] [%emt 00:01:05]} Bd7 {[%clk 00:16:51] [%emt 00:08:12]} 23. Nxc6
{[%clk 00:18:34] [%emt 00:04:21]} Bxc6 {[%clk 00:17:13] [%emt 00:00:07]} 24. Qc2
{[%clk 00:18:38] [%emt 00:00:27]} Bb5 {[%clk 00:12:38] [%emt 00:05:06]} 25. Bd4
{[%clk 00:17:06] [%emt 00:02:02]} Rg6 {[%clk 00:12:39] [%emt 00:00:28]} 26. Red1
{[%clk 00:14:16] [%emt 00:03:20]} Bc6 {[%clk 00:11:47] [%emt 00:01:23]} 27. Bc5
{[%clk 00:05:40] [%emt 00:09:06]} Bxe4 {[%clk 00:06:43] [%emt 00:05:34]} 28. Qe2
{[%clk 00:06:06] [%emt 00:00:04]} Re6 {[%clk 00:04:03] [%emt 00:03:10]} 29. Qb5+
{[%clk 00:04:06] [%emt 00:02:31]} Nd7 {[%clk 00:03:57] [%emt 00:00:36]} 30. Qxb7
{[%clk 00:04:09] [%emt 00:00:27]} Bxb7 {[%clk 00:04:25] [%emt 00:00:02]} 31.
Bxe7 {[%clk 00:04:19] [%emt 00:00:20]} Kxe7 {[%clk 00:03:57] [%emt 00:00:58]}
32. Re1 {[%clk 00:04:20] [%emt 00:00:29]} Bd5 {[%clk 00:02:33] [%emt 00:01:54]}
33. Kf1 {[%clk 00:02:20] [%emt 00:02:30]} Be4 {[%clk 00:00:44] [%emt 00:02:19]}
34. Re3 {[%clk 00:01:46] [%emt 00:01:04]} Nb6 {[%clk 00:00:35] [%emt 00:00:39]}
35. Rd1 {[%clk 00:01:09] [%emt 00:01:06]} Bc6 {[%clk 00:00:32] [%emt 00:00:33]}
36. Rd4 {[%clk 00:00:58] [%emt 00:00:41]} Nd5 {[%clk 00:00:48] [%emt 00:00:14]}
37. Rxe6+ {[%clk 00:01:11] [%emt 00:00:17]} Kxe6 {[%clk 00:00:57] [%emt
00:00:21]} 38. Ke1 {[%clk 00:01:24] [%emt 00:00:17]} Bb5 {[%clk 00:00:32] [%emt
00:00:56]} 39. Kd2 {[%clk 00:01:36] [%emt 00:00:17]} h5 {[%clk 00:00:32] [%emt
00:00:30]} 40. Rh4 {[%clk 00:01:59] [%emt 00:00:07]} f6 {[%clk 00:00:31] [%emt
00:00:32]} 41. Rxh5 {[%clk 00:01:17] [%emt 00:01:11]} Nc3 {[%clk 00:50:01] [%emt
00:01:00]} 42. a3 {[%clk 00:44:12] [%emt 00:07:36]} Nb1+ {[%clk 00:44:31] [%emt
00:05:59]} 43. Kc1 {[%clk 00:43:58] [%emt 00:00:45]} Nxa3 {[%emt 00:00:31]} 44.
Rh4 {[%emt 00:01:44]} Bc6 {[%emt 00:04:43]} 45. Rxb4 {[%emt 00:00:03]} Nb5
{[%emt 00:00:04]} 46. h4 {[%clk 00:42:35] [%emt 00:00:22]} Nd6 {[%emt 00:03:00]}
47. Kd2 {[%emt 00:00:53]} Bd5 {[%emt 00:02:17]} 48. Rb6 {[%emt 00:00:42]} Kd7
{[%emt 00:01:24]} 49. Ke3 {[%emt 00:00:49]} 1-0

[Site "Europe Echecs"]

[Event "Grand Swiss "]
[Date "2025.09.11"]
[White "Olisa, Tennyson Ewomazino"]
[Black "Vakhidov, Jakhongir"]
[WhiteElo "2287"]
[BlackElo "2521"]
[Round "7.7.58"]
[Result "0-1"]

1. Nf3 {[%clk 01:40:49] [%emt 00:00:09]} g6 {[%clk 01:40:29] [%emt 00:00:31]} 2.
d4 {[%clk 01:41:06] [%emt 00:00:14]} Nf6 {[%clk 01:40:48] [%emt 00:00:10]} 3. g3
{[%clk 01:41:15] [%emt 00:00:22]} Bg7 {[%clk 01:41:09] [%emt 00:00:08]} 4. Bg2
{[%clk 01:41:33] [%emt 00:00:13]} O-O {[%clk 01:41:23] [%emt 00:00:17]} 5. O-O
{[%clk 01:41:59] [%emt 00:00:04]} d6 {[%clk 01:41:28] [%emt 00:00:24]} 6. Re1
{[%clk 01:39:22] [%emt 00:03:07]} d5 {[%clk 01:39:43] [%emt 00:02:15]} 7. c4
{[%clk 01:37:49] [%emt 00:02:03]} dxc4 {[%clk 01:38:58] [%emt 00:01:16]} 8. Na3
{[%clk 01:38:12] [%emt 00:00:07]} c3 {[%clk 01:39:08] [%emt 00:00:20]} 9. bxc3
{[%clk 01:38:30] [%emt 00:00:12]} c5 {[%clk 01:39:31] [%emt 00:00:07]} 10. Ne5
{[%clk 01:31:08] [%emt 00:07:53]} Nd5 {[%clk 01:35:32] [%emt 00:04:29]} 11. Bb2
{[%clk 01:23:12] [%emt 00:08:26]} Nc6 {[%clk 01:32:52] [%emt 00:03:09]} 12. Nxc6
{[%clk 01:21:27] [%emt 00:02:16]} bxc6 {[%clk 01:33:13] [%emt 00:00:09]} 13. e4
{[%clk 01:21:52] [%emt 00:00:05]} Nc7 {[%clk 01:21:18] [%emt 00:12:25]} 14. e5
{[%clk 01:16:56] [%emt 00:05:26]} Rb8 {[%clk 01:13:53] [%emt 00:07:54]} 15. Qc1
{[%clk 01:12:20] [%emt 00:05:07]} Be6 {[%clk 01:08:52] [%emt 00:05:31]} 16. Nc2
{[%clk 01:05:53] [%emt 00:06:56]} Bd5 {[%clk 01:02:29] [%emt 00:06:54]} 17. Ba3
{[%clk 00:57:46] [%emt 00:08:38]} Ne6 {[%clk 00:59:42] [%emt 00:03:16]} 18. Bf1
{[%clk 00:49:42] [%emt 00:08:34]} cxd4 {[%clk 00:54:31] [%emt 00:05:42]} 19.
cxd4 {[%clk 00:49:53] [%emt 00:00:19]} f6 {[%clk 00:51:48] [%emt 00:03:13]} 20.
h4 {[%clk 00:35:35] [%emt 00:14:48]} g5 {[%clk 00:49:17] [%emt 00:03:01]} 21.
hxg5 {[%clk 00:34:58] [%emt 00:01:07]} Nxg5 {[%clk 00:48:54] [%emt 00:00:53]}
22. Be2 {[%clk 00:30:50] [%emt 00:04:37]} Qd7 {[%clk 00:47:39] [%emt 00:01:45]}
23. Ne3 {[%clk 00:28:51] [%emt 00:02:30]} fxe5 {[%clk 00:46:34] [%emt 00:01:35]}
24. Ng4 {[%clk 00:26:40] [%emt 00:02:40]} Qf5 {[%clk 00:44:08] [%emt 00:02:55]}
25. f4 {[%emt 00:11:17]} Qe4 {[%clk 00:42:59] [%emt 00:01:35]} 0-1

[Site "Europe Echecs"]

[Event "Grand Swiss "]
[Date "2025.09.13"]
[White "Bluebaum, Matthias"]
[Black "Nihal Sarin"]
[WhiteElo "2671"]
[BlackElo "2693"]
[Round "8.8.1"]
[Result "1/2-1/2"]

1. d4 {[%clk 01:40:57] [%emt 00:00:02]} d5 {[%clk 01:39:13] [%emt 00:01:47]} 2.
c4 {[%clk 01:41:18] [%emt 00:00:09]} dxc4 {[%clk 01:39:38] [%emt 00:00:06]} 3.
Nf3 {[%clk 01:41:11] [%emt 00:00:36]} Nf6 {[%clk 01:40:01] [%emt 00:00:08]} 4.
e3 {[%clk 01:41:37] [%emt 00:00:04]} e6 {[%clk 01:37:31] [%emt 00:03:00]} 5.
Bxc4 {[%clk 01:41:49] [%emt 00:00:17]} c5 {[%clk 01:37:40] [%emt 00:00:21]} 6.
O-O {[%clk 01:42:12] [%emt 00:00:07]} cxd4 {[%clk 01:38:07] [%emt 00:00:04]} 7.
exd4 {[%clk 01:42:04] [%emt 00:00:37]} Be7 {[%clk 01:38:31] [%emt 00:00:06]} 8.
Nc3 {[%clk 01:41:56] [%emt 00:00:38]} O-O {[%clk 01:38:37] [%emt 00:00:24]} 9.
Re1 {[%clk 01:41:24] [%emt 00:01:02]} a6 {[%clk 01:39:02] [%emt 00:00:05]} 10.
Ne5 {[%clk 01:41:12] [%emt 00:00:42]} Nc6 {[%clk 01:38:11] [%emt 00:01:21]} 11.
Nxc6 {[%clk 01:41:28] [%emt 00:00:14]} bxc6 {[%clk 01:38:37] [%emt 00:00:05]}
12. Bf4 {[%clk 01:41:43] [%emt 00:00:14]} a5 {[%clk 01:34:27] [%emt 00:04:40]}
13. Qd3 {[%clk 01:41:49] [%emt 00:00:24]} Qb6 {[%clk 01:31:59] [%emt 00:02:58]}
14. Na4 {[%clk 01:39:45] [%emt 00:02:35]} Qa7 {[%clk 01:31:07] [%emt 00:01:21]}
15. Rac1 {[%clk 01:34:53] [%emt 00:05:22]} Ba6 {[%clk 01:16:06] [%emt 00:15:32]}
16. Be5 {[%clk 01:28:21] [%emt 00:07:02]} Nd7 {[%clk 01:10:37] [%emt 00:05:59]}
17. Bf4 {[%clk 01:21:34] [%emt 00:07:17]} Nf6 {[%clk 01:09:07] [%emt 00:02:00]}
18. Be5 {[%clk 01:16:29] [%emt 00:05:35]} Nd7 {[%clk 01:09:13] [%emt 00:00:24]}
19. Bf4 {[%clk 01:16:10] [%emt 00:00:49]} Nf6 {[%clk 01:08:24] [%emt 00:01:19]}
20. Be5 {[%clk 01:16:34] [%emt 00:00:06]} Nd7 {[%clk 01:08:46] [%emt 00:00:08]}
21. Bf4 {[%clk 01:17:00] [%emt 00:00:04]} Nf6 {[%emt 00:00:17]} 1/2-1/2

[Site "Europe Echecs"]

[Event "Grand Swiss "]
[Date "2025.09.13"]
[White "Firouzja, Alireza"]
[Black "Niemann, Hans Moke"]
[WhiteElo "2754"]
[BlackElo "2733"]
[Round "8.8.2"]
[Result "1/2-1/2"]

1. e4 {[%clk 01:40:58]} e5 {[%clk 01:40:38] [%emt 00:00:23]} 2. Nf3 {[%clk
01:41:25] [%emt 00:00:04]} Nc6 {[%clk 01:40:57] [%emt 00:00:10]} 3. Bb5 {[%clk
01:41:53] [%emt 00:00:03]} a6 {[%clk 01:37:43] [%emt 00:03:44]} 4. Ba4 {[%clk
01:42:18] [%emt 00:00:05]} Nf6 {[%clk 01:38:04] [%emt 00:00:09]} 5. O-O {[%clk
01:42:43] [%emt 00:00:06]} Be7 {[%clk 01:38:22] [%emt 00:00:11]} 6. d3 {[%clk
01:43:02] [%emt 00:00:10]} b5 {[%clk 01:36:51] [%emt 00:02:01]} 7. Bb3 {[%clk
01:43:25] [%emt 00:00:07]} d6 {[%clk 01:36:01] [%emt 00:01:20]} 8. a3 {[%clk
01:43:46] [%emt 00:00:10]} O-O {[%clk 01:33:01] [%emt 00:03:28]} 9. Nc3 {[%clk
01:42:33] [%emt 00:01:45]} Bg4 {[%clk 01:17:00] [%emt 00:16:30]} 10. Be3 {[%clk
01:42:47] [%emt 00:00:16]} Nd4 {[%clk 01:16:55] [%emt 00:00:35]} 11. Bxd4 {[%clk
01:43:11] [%emt 00:00:07]} exd4 {[%clk 01:17:18] [%emt 00:00:07]} 12. Nd5 {[%clk
01:43:35] [%emt 00:00:06]} Nxd5 {[%clk 01:17:21] [%emt 00:00:26]} 13. Bxd5
{[%clk 01:43:58] [%emt 00:00:07]} Rb8 {[%clk 01:17:44] [%emt 00:00:07]} 14. h3
{[%clk 01:40:33] [%emt 00:03:55]} Bxf3 {[%clk 01:17:10] [%emt 00:01:04]} 15.
Qxf3 {[%clk 01:40:56] [%emt 00:00:06]} Qd7 {[%clk 01:17:26] [%emt 00:00:14]} 16.
Bb3 {[%clk 01:22:13] [%emt 00:19:14]} c6 {[%clk 01:16:39] [%emt 00:01:16]} 17.
a4 {[%clk 01:22:27] [%emt 00:00:17]} g6 {[%clk 01:15:37] [%emt 00:01:31]} 18.
axb5 {[%clk 01:21:53] [%emt 00:01:05]} axb5 {[%clk 01:16:02] [%emt 00:00:05]}
19. Ra6 {[%clk 01:21:47] [%emt 00:00:36]} Kg7 {[%clk 00:51:15] [%emt 00:25:16]}
20. Rfa1 {[%clk 01:20:48] [%emt 00:01:29]} Rb7 {[%clk 00:43:19] [%emt 00:08:26]}
21. g3 {[%clk 01:00:12] [%emt 00:21:07]} Rc7 {[%clk 00:39:26] [%emt 00:04:23]}
22. h4 {[%clk 00:48:01] [%emt 00:12:42]} f5 {[%clk 00:37:49] [%emt 00:02:07]}
23. Ra8 {[%clk 00:47:55] [%emt 00:00:35]} fxe4 {[%clk 00:37:55] [%emt 00:00:24]}
24. Qxe4 {[%clk 00:48:13] [%emt 00:00:13]} d5 {[%clk 00:38:05] [%emt 00:00:20]}
25. Qxd4+ {[%clk 00:46:19] [%emt 00:02:24]} Bf6 {[%clk 00:37:40] [%emt
00:00:54]} 26. Qf4 {[%clk 00:41:04] [%emt 00:05:45]} Rf7 {[%clk 00:38:03] [%emt
00:00:07]} 27. h5 {[%clk 00:24:10] [%emt 00:17:25]} gxh5 {[%clk 00:27:34] [%emt
00:10:59]} 28. c3 {[%clk 00:19:53] [%emt 00:04:46]} Qg4 {[%clk 00:23:29] [%emt
00:04:34]} 29. Qxg4+ {[%clk 00:19:16] [%emt 00:01:08]} hxg4 {[%clk 00:23:42]
[%emt 00:00:17]} 30. Re1 {[%clk 00:15:38] [%emt 00:04:07]} b4 {[%clk 00:23:11]
[%emt 00:01:02]} 1/2-1/2

[Site "Europe Echecs"]

[Event "Grand Swiss "]
[Date "2025.09.13"]
[White "Mishra, Abhimanyu"]
[Black "Abdusattorov, Nodirbek"]
[WhiteElo "2611"]
[BlackElo "2748"]
[Round "8.8.3"]
[Result "1/2-1/2"]

1. e4 {[%clk 01:40:59] [%emt 00:00:01]} c6 {[%clk 01:40:44] [%emt 00:00:16]} 2.
d4 {[%clk 01:41:22] [%emt 00:00:07]} d5 {[%clk 01:41:06] [%emt 00:00:08]} 3. Nc3
{[%clk 01:41:39] [%emt 00:00:13]} dxe4 {[%clk 01:41:03] [%emt 00:00:33]} 4. Nxe4
{[%clk 01:42:04] [%emt 00:00:05]} Nf6 {[%clk 01:41:25] [%emt 00:00:09]} 5. Nxf6+
{[%clk 01:42:24] [%emt 00:00:10]} exf6 {[%clk 01:41:48] [%emt 00:00:06]} 6. c3
{[%clk 01:42:41] [%emt 00:00:13]} Bd6 {[%clk 01:41:09] [%emt 00:01:09]} 7. Bd3
{[%clk 01:42:59] [%emt 00:00:12]} O-O {[%clk 01:41:08] [%emt 00:00:30]} 8. Ne2
{[%clk 01:42:37] [%emt 00:00:52]} Re8 {[%clk 01:41:02] [%emt 00:00:37]} 9. Qc2
{[%clk 01:42:41] [%emt 00:00:26]} h5 {[%clk 01:41:23] [%emt 00:00:08]} 10. O-O
{[%clk 01:42:49] [%emt 00:00:22]} h4 {[%clk 01:41:39] [%emt 00:00:13]} 11. h3
{[%clk 01:42:51] [%emt 00:00:30]} Nd7 {[%clk 01:40:42] [%emt 00:01:27]} 12. Bd2
{[%clk 01:41:25] [%emt 00:01:56]} Nf8 {[%clk 01:40:33] [%emt 00:00:39]} 13. Rae1
{[%clk 01:41:07] [%emt 00:00:48]} Bc7 {[%clk 01:40:44] [%emt 00:00:18]} 14. f4
{[%clk 01:38:00] [%emt 00:03:37]} Qd6 {[%clk 01:41:08] [%emt 00:00:06]} 15. c4
{[%clk 01:33:22] [%emt 00:05:10]} b6 {[%clk 01:41:22] [%emt 00:00:16]} 16. Rf3
{[%clk 01:30:41] [%emt 00:03:10]} Ne6 {[%clk 01:37:37] [%emt 00:04:15]} 17. Be3
{[%clk 01:21:27] [%emt 00:09:44]} Bd7 {[%clk 01:09:02] [%emt 00:29:05]} 18. Rd1
{[%clk 01:00:40] [%emt 00:21:17]} g6 {[%clk 01:02:50] [%emt 00:06:41]} 19. c5
{[%clk 00:51:37] [%emt 00:09:33]} bxc5 {[%clk 01:03:16] [%emt 00:00:04]} 20.
dxc5 {[%clk 00:51:45] [%emt 00:00:22]} Qe7 {[%clk 01:03:43] [%emt 00:00:01]} 21.
f5 {[%clk 00:48:06] [%emt 00:04:10]} Ng5 {[%clk 01:03:07] [%emt 00:01:06]} 22.
Bxg5 {[%clk 00:46:04] [%emt 00:02:32]} fxg5 {[%clk 01:03:35] [%emt 00:00:01]}
23. fxg6 {[%clk 00:29:44] [%emt 00:16:50]} f6 {[%clk 01:04:03] [%emt 00:00:02]}
24. Bc4+ {[%clk 00:24:02] [%emt 00:06:13]} Kg7 {[%clk 01:03:09] [%emt 00:01:24]}
25. Bf7 {[%clk 00:22:39] [%emt 00:01:53]} Red8 {[%clk 01:01:43] [%emt 00:01:56]}
26. Rdf1 {[%clk 00:21:11] [%emt 00:01:58]} Qe5 {[%clk 00:56:28] [%emt 00:05:45]}
27. Qc3 {[%clk 00:16:49] [%emt 00:04:51]} Bc8 {[%clk 00:45:15] [%emt 00:11:43]}
28. Re3 {[%clk 00:11:27] [%emt 00:05:52]} Qxc3 {[%clk 00:34:10] [%emt 00:11:35]}
29. bxc3 {[%clk 00:09:51] [%emt 00:02:06]} Be5 {[%clk 00:27:22] [%emt 00:07:18]}
30. Nd4 {[%clk 00:09:39] [%emt 00:00:42]} Rxd4 {[%clk 00:26:06] [%emt 00:01:45]}
31. Rxe5 {[%clk 00:09:54] [%emt 00:00:15]} fxe5 {[%clk 00:26:31] [%emt
00:00:04]} 32. cxd4 {[%clk 00:10:20] [%emt 00:00:04]} exd4 {[%clk 00:26:40]
[%emt 00:00:22]} 33. Rd1 {[%clk 00:09:43] [%emt 00:01:07]} Bf5 {[%clk 00:24:41]
[%emt 00:02:29]} 34. Rxd4 {[%clk 00:10:06] [%emt 00:00:07]} Bxg6 {[%clk
00:24:15] [%emt 00:00:56]} 35. Bxg6 {[%clk 00:10:24] [%emt 00:00:12]} Kxg6
{[%clk 00:24:44] [%emt 00:00:01]} 36. Rd6+ {[%clk 00:10:49] [%emt 00:00:06]} Kf5
{[%clk 00:25:11] [%emt 00:00:03]} 37. Rxc6 {[%clk 00:11:15] [%emt 00:00:04]} Rb8
{[%clk 00:25:35] [%emt 00:00:06]} 38. Ra6 {[%clk 00:07:11] [%emt 00:04:33]} Rb1+
{[%clk 00:24:57] [%emt 00:01:08]} 39. Kf2 {[%clk 00:06:35] [%emt 00:01:05]} Rc1
{[%clk 00:25:21] [%emt 00:00:07]} 40. c6 {[%clk 00:01:51] [%emt 00:05:14]} g4
{[%clk 00:17:16] [%emt 00:08:36]} 41. hxg4+ {[%clk 00:31:07] [%emt 00:21:14]}
Kxg4 {[%clk 01:07:42] [%emt 00:00:03]} 42. Ke3 {[%clk 00:31:10] [%emt 00:00:27]}
Kf5 {[%clk 01:00:14] [%emt 00:07:59]} 43. a4 {[%clk 00:24:42] [%emt 00:06:59]}
Ke5 {[%clk 00:59:07] [%emt 00:01:37]} 44. Rxa7 {[%clk 00:22:24] [%emt 00:02:48]}
Rc3+ {[%clk 00:57:52] [%emt 00:01:44]} 45. Kf2 {[%clk 00:22:40] [%emt 00:00:13]}
Rxc6 {[%clk 00:58:18] [%emt 00:00:04]} 46. Re7+ {[%clk 00:20:13] [%emt
00:02:57]} Kf4 {[%clk 00:56:58] [%emt 00:01:51]} 47. Re2 {[%clk 00:20:30] [%emt
00:00:12]} Ra6 {[%clk 00:57:18] [%emt 00:00:11]} 48. Ra2 {[%clk 00:20:53] [%emt
00:00:07]} Ra5 {[%clk 00:57:38] [%emt 00:00:10]} 49. Ra3 {[%clk 00:19:00] [%emt
00:02:23]} Kg4 {[%clk 00:55:15] [%emt 00:02:53]} 50. Ke2 {[%clk 00:16:12] [%emt
00:03:18]} Kf4 {[%clk 00:55:20] [%emt 00:00:25]} 51. Kd1 {[%clk 00:16:23] [%emt
00:00:19]} Rd5+ {[%clk 00:50:07] [%emt 00:05:43]} 52. Kc1 {[%clk 00:15:57] [%emt
00:00:56]} Rc5+ {[%clk 00:50:31] [%emt 00:00:08]} 53. Kd1 {[%clk 00:16:10] [%emt
00:00:16]} Rd5+ {[%clk 00:50:57] [%emt 00:00:04]} 54. Ke1 {[%clk 00:16:23] [%emt
00:00:17]} Re5+ {[%clk 00:51:11] [%emt 00:00:16]} 55. Kf2 {[%clk 00:16:34] [%emt
00:00:19]} Ra5 {[%clk 00:51:37] [%emt 00:00:05]} 56. Ra2 {[%clk 00:16:45] [%emt
00:00:19]} Ke4 {[%clk 00:51:42] [%emt 00:00:24]} 57. Ke2 {[%clk 00:16:35] [%emt
00:00:40]} Rg5 {[%clk 00:51:20] [%emt 00:00:51]} 58. Kd1 {[%clk 00:16:34] [%emt
00:00:31]} Rg3 {[%clk 00:50:27] [%emt 00:01:24]} 59. a5 {[%clk 00:16:07] [%emt
00:00:57]} h3 {[%clk 00:50:53] [%emt 00:00:04]} 60. gxh3 {[%clk 00:16:01] [%emt
00:00:36]} Rxh3 {[%clk 00:51:22] [%emt 00:00:02]} 61. a6 {[%clk 00:15:36] [%emt
00:00:55]} Rh8 {[%clk 00:51:45] [%emt 00:00:06]} 62. a7 {[%clk 00:15:52] [%emt
00:00:15]} Ra8 {[%clk 00:52:13] [%emt 00:00:01]} 63. Ra5 {[%clk 00:16:16] [%emt
00:00:06]} Kd4 {[%clk 00:52:40] [%emt 00:00:02]} 64. Kc2 {[%clk 00:16:40] [%emt
00:00:06]} Kc4 {[%clk 00:53:10]} 65. Kb2 {[%clk 00:17:05] [%emt 00:00:06]} Kb4
{[%clk 00:53:37] [%emt 00:00:03]} 66. Ra1 {[%clk 00:17:30] [%emt 00:00:05]} Kb5
{[%clk 00:54:06] [%emt 00:00:01]} 67. Kb3 {[%clk 00:17:55] [%emt 00:00:05]} Kb6
{[%clk 00:54:34] [%emt 00:00:01]} 68. Kb4 {[%clk 00:18:19] [%emt 00:00:05]} Rxa7
{[%clk 00:55:02] [%emt 00:00:03]} 69. Rxa7 {[%clk 00:18:42] [%emt 00:00:07]}
Kxa7 {[%emt 00:00:01]} 1/2-1/2

[Site "Europe Echecs"]